[Event "Torneo Interdepartamental 2019"]
[Site "Montevideo"]
[Date "2019.08.24"]
[Round "3.5"]
[White "Daneri, Martin"]
[Black "Vazquez, Facundo"]
[Result "1/2-1/2"]
[WhiteElo "2050"]
[BlackElo "2111"]
[Annotator "TA"]
[PlyCount "80"]
[EventDate "2019.08.23"]
[EventType "team-tourn"]
[EventCountry "URU"]
[SourceTitle "playchess.com"]
[Source "ChessBase"]
[SourceQuality "1"]

{[%evp 9,80,-10,7,0,8,-8,6,6,5,6,12,1,15,0,16,2,0,0,0,0,0,0,0,0,0,-33,-43,-43,-55,-109,-105,-108,-97,-107,-93,-115,-101,-102,-120,-115,-116,-154,-141,-149,-137,-126,-102,-77,-4,-11,-6,-5,0,-9,0,0,0,0,0,0,0,0,0,0,0,0,0,0,0,0,0,0,0]} 1. b3 Nf6 2. Bb2 g6 3. Bxf6 exf6 4. c4 d6 (4... f5 5. Nc3 d6 6. g3 Nd7 7. Bg2 Nf6 8. e3 h5 9. h4 Bh6 10. Nge2 O-O 11. O-O Re8 12. Nf4 c6 13. Nce2 a5 14. Qc2 Bd7 15. a3 Ng4 16. Rab1 Bg7 17. b4 axb4 18. axb4 Ra3 19. d4 {½-½ (19) Iturrizaga Bonelli,E (2662)-Ponomariov,R (2692) Linares 2017}) 5. e3 Nd7 $146 {[%cal Bb8d7,Bd7f6,Bf6g4][%mdl 32]} ({Predecessor:} 5... Bg7 6. Nc3 O-O 7. Nge2 b6 8. Nf4 Bb7 9. Be2 Nd7 10. Bf3 c6 {1-0 (38) Poulsen,M (2239)-Burovic,R (2380) Batumi 2018}) 6. d4 {A01: Nimzowitsch-Larsen Opening} f5 7. Ne2 h5 8. h4 Bh6 9. g3 Nf6 10. Nbc3 O-O 11. Bg2 c6 12. Qd3 Ng4 13. O-O Re8 14. Nf4 g5 15. hxg5 ({Much weaker is} 15. Nxh5 gxh4 16. Nd1 hxg3 $17) 15... Qxg5 16. Rae1 h4 17. Nh3 Qf6 18. Nd1 {With the idea f3.} Qg6 19. e4 ({White should play} 19. gxh4 $15 Bd7 20. Qd2) 19... fxe4 $17 20. Bxe4 f5 21. Bg2 {[#]} Bd7 $1 22. gxh4 Qf6 23. Ng5 Bxg5 24. hxg5 Qxg5 25. f4 Qh4 {[%csl Gg4][%cal Rh4h2] [#]} 26. Rxe8+ Rxe8 {[%csl Gg4][%cal Rh4h2]} 27. Qh3 Qxh3 28. Bxh3 Ne3 ({Better is} 28... Re2 $17 29. Bxg4 fxg4) 29. Nxe3 $1 $11 {The position is equal.} Rxe3 {[%mdl 4096] Endgame KRB-KRB} 30. Bg2 $1 Kf7 31. Rf2 Kf6 32. Rd2 Be8 33. Kf2 Rc3 34. Bf3 a5 35. Re2 Bf7 36. Re3 Rc2+ 37. Re2 Rc3 38. Re3 Rc2+ 39. Re2 Rc3 40. Re3 Rc2+ {Accuracy: White = 61%, Black = 58%.} 1/2-1/2

[Event "Torneo Interdepartamental 2019"]
[Site "Montevideo"]
[Date "2019.08.24"]
[Round "3.6"]
[White "Suarez, Pedro"]
[Black "Lanzilotta, Marcelo"]
[Result "0-1"]
[WhiteElo "2040"]
[BlackElo "1970"]
[Annotator "NA RC"]
[PlyCount "60"]
[EventDate "2019.08.23"]
[EventType "team-tourn"]
[EventCountry "URU"]
[SourceTitle "playchess.com"]
[Source "ChessBase"]
[SourceQuality "1"]
[TimeControl "5400+30"]

1. d4 {[%emt 0:00:00]} Nf6 {[%emt 0:00:00]} 2. c4 {[%emt 0:00:00]} c5 {[%emt 0:00:00]} 3. d5 {[%emt 0:00:00]} b5 {[%emt 0:00:00]} 4. cxb5 {[%emt 0:00:03]} a6 {[%emt 0:00:00]} 5. bxa6 {[%emt 0:00:08]} Bxa6 {[%emt 0:00:00]} 6. Nc3 {[%emt 0:00:10]} g6 {[%emt 0:00:02]} 7. e4 {[%emt 0:00:08]} Bxf1 {[%emt 0:00:04]} 8. Kxf1 {[%emt 0:00:03]} d6 {[%emt 0:00:08]} 9. Nge2 {[%emt 0:01:45]} Bg7 {[%emt 0:00:20]} 10. h3 {[%emt 0:00:10]} O-O {[%emt 0:00:05]} 11. Kg1 {[%emt 0:00:03]} Nbd7 {[%emt 0:00:39]} 12. Kh2 {[%emt 0:00:24]} Qb6 {[%emt 0:01:35]} 13. Qc2 {[%emt 0:01:44]} Rfb8 {[%emt 0:00:06]} 14. Rb1 {[%emt 0:03:18]} Qc7 {[%emt 0:03:36]} 15. Rd1 {[%emt 0:06:30]} Rb4 {[%emt 0:08:48]} 16. a3 {[%emt 0:02:52]} Rb7 {[%emt 0:00:00]} 17. Be3 {[%emt 0:07:19]} Ne5 {[%emt 0:01:47]} 18. Na2 {[%emt 0:05:01]} Rab8 {[%emt 0:02:42]} 19. Nec3 {[%emt 0:01:15]} Rb3 {[%emt 0:00:45]} 20. Qe2 {[%emt 0:06:31]} Qd7 {[%emt 0:13:00]} 21. f4 {[%emt 0:15:51]} Neg4+ {[%emt 0:00:04]} 22. hxg4 {[%emt 0:08:51]} Qxg4 23. Rd2 {[%emt 0:18:35]} Qh4+ {[%emt 0:05:31]} 24. Kg1 {[%emt 0:00:05]} Ng4 {[%emt 0:00:36]} 25. e5 {[%emt 0:06:41]} dxe5 {[%emt 0:07:26]} 26. Bxc5 exf4 {[%emt 0:05:59]} 27. Rbd1 {[%emt 0:03:34]} Qh2+ {[%emt 0:02:01]} 28. Kf1 {[%emt 0:00:04]} Qh1+ {[%emt 0:00:12]} 29. Bg1 {[%emt 0:00:09]} Ne3+ {[%emt 0:00:01]} 30. Kf2 {[%emt 0:00:57]} Qxg2+ {[%emt 0:00:17]} 0-1

[Event "Torneo Interdepartamental 2019"]
[Site "Montevideo"]
[Date "2019.08.24"]
[Round "3.7"]
[White "Barboza, Mauro"]
[Black "Vaz Lacuesta, Leonardo"]
[Result "1/2-1/2"]
[WhiteElo "1925"]
[BlackElo "2098"]
[Annotator "NA RC"]
[PlyCount "80"]
[EventDate "2019.08.23"]
[EventType "team-tourn"]
[EventCountry "URU"]
[SourceTitle "playchess.com"]
[Source "ChessBase"]
[SourceQuality "1"]
[TimeControl "5400+30"]

1. e4 {[%emt 0:00:00]} e6 {[%emt 0:00:05]} 2. d4 {[%emt 0:00:00]} d5 {[%emt 0:00:21]} 3. exd5 {[%emt 0:00:00]} exd5 {[%emt 0:00:06]} 4. Nf3 {[%emt 0:00:00]} Nf6 {[%emt 0:01:19]} 5. Bd3 {[%emt 0:00:14]} Be7 {[%emt 0:01:09]} 6. h3 {[%emt 0:00:10]} O-O {[%emt 0:00:06]} 7. O-O c5 8. c3 {[%emt 0:03:41]} Nc6 {[%emt 0:01:36]} 9. Bf4 {[%emt 0:07:42]} cxd4 {[%emt 0:02:01]} 10. Nxd4 {[%emt 0:00:21]} Nxd4 {[%emt 0:01:20]} 11. cxd4 Qb6 12. Qd2 {[%emt 0:10:30]} Be6 {[%emt 0:01:21]} 13. Nc3 {[%emt 0:00:15]} Rac8 {[%emt 0:00:30]} 14. Rac1 {[%emt 0:01:57]} Kh8 {[%emt 0:02:46]} 15. Bb1 {[%emt 0:00:13]} Ne4 {[%emt 0:21:27]} 16. Nxe4 dxe4 17. Bxe4 {[%emt 0:10:36]} Bxa2 {[%emt 0:03:08]} 18. Bf5 {[%emt 0:07:44]} Be6 {[%emt 0:02:41]} 19. Bxe6 {[%emt 0:02:27]} Qxe6 {[%emt 0:00:16]} 20. d5 {[%emt 0:03:38]} Qf5 {[%emt 0:09:45]} 21. d6 {[%emt 0:00:53]} Bf6 {[%emt 0:00:29]} 22. Rxc8 {[%emt 0:00:25]} Rxc8 {[%emt 0:26:57]} 23. d7 {[%emt 0:00:52]} Rd8 {[%emt 0:00:29]} 24. Re1 {[%emt 0:01:12]} g5 {[%emt 0:01:02]} 25. Re8+ {[%emt 0:02:52]} Kg7 {[%emt 0:00:23]} 26. Rxd8 {[%emt 0:12:47]} Bxd8 {[%emt 0:00:07]} 27. Be3 {[%emt 0:02:07]} f6 {[%emt 0:07:37]} 28. Bxa7 {[%emt 0:02:48]} Kf7 {[%emt 0:00:11]} 29. b4 {[%emt 0:01:11]} b6 {[%emt 0:02:55]} 30. Bb8 {[%emt 0:01:32]} Qe6 {[%emt 0:02:57]} 31. Qd3 {[%emt 0:01:52]} Kg7 {[%emt 0:03:31]} 32. f4 {[%emt 0:03:14]} h6 {[%emt 0:01:38]} 33. f5 {[%emt 0:02:22]} Qe1+ {[%emt 0:01:10]} 34. Kh2 {[%emt 0:00:11]} Qxb4 {[%emt 0:01:53]} 35. Bd6 {[%emt 0:01:11]} Qe1 {[%emt 0:02:16]} 36. Qd5 {[%emt 0:03:00]} h5 {[%emt 0:00:56]} 37. Qe6 {[%emt 0:01:39]} Qd2 {[%emt 0:00:04]} 38. Bb8 {[%emt 0:02:41]} Qc1 {[%emt 0:00:38]} 39. Bd6 {[%emt 0:04:54]} Qd2 {[%emt 0:00:13]} 40. Bb8 {[%emt 0:05:12]} Qc1 {[%emt 0:00:07]} 1/2-1/2

[Event "Torneo Interdepartamental 2019"]
[Site "Montevideo"]
[Date "2019.08.24"]
[Round "3.8"]
[White "Dominguez, Facundo"]
[Black "Barreto Filho, Carlos Alberto"]
[Result "1/2-1/2"]
[WhiteElo "2138"]
[BlackElo "2293"]
[Annotator "TA"]
[PlyCount "88"]
[EventDate "2019.08.23"]
[EventType "team-tourn"]
[EventCountry "URU"]
[SourceTitle "playchess.com"]
[Source "ChessBase"]
[SourceQuality "1"]

{[%evp 15,88,43,47,47,70,56,92,46,77,77,83,81,84,83,85,85,91,82,75,83,89,61,137,56,113,133,112,42,49,59,53,59,59,33,31,-4,49,56,143,145,197,156,219,216,208,166,152,152,156,160,179,179,179,166,266,113,152,152,141,144,137,-19,-19,-74,-74,-77,0,0,72,20,37,42,64,0,0]} 1. e4 e5 2. Nf3 Nc6 3. Bb5 a6 4. Bxc6 dxc6 5. O-O Bg4 6. h3 Bxf3 7. Qxf3 Nf6 8. d3 Qd7 9. Nd2 {C68: Ruy Lopez: Exchange Variation, sidelines} Be7 (9... O-O-O 10. Nc4 Qe6 11. Bd2 Rg8 12. Bc3 Nd7 13. b4 f6 14. a4 b6 15. Rfb1 g6 16. Bd2 h5 {1-0 (50) Solak,D (2598)-Reipsch,J (2221) Albena 2013}) 10. Nc4 Qe6 11. Re1 {White is better.} O-O $146 ({Predecessor:} 11... O-O-O 12. Qf5 Bd6 13. Qxe6+ fxe6 14. Bd2 b5 15. Ne3 Bc5 16. Nf1 {1-0 (32) Tekielak,S (2157)-Wojciechowski,P Zakopane 2001}) 12. Qf5 Nd7 13. Qxe6 fxe6 14. Bd2 Rf7 15. f3 b6 16. Bc3 Bc5+ 17. Kf1 Bd4 18. Ke2 Raf8 (18... Bxc3 $14 19. bxc3 Raf8) 19. Rab1 (19. Bb4 $16) 19... Rf6 (19... Bxc3 $14 20. bxc3 g6) 20. Bb4 $16 Rg6 {aiming for ...c5.} 21. Bxf8 (21. g4 $16) 21... Rxg2+ $14 22. Kd1 {Strongly threatening Bb4.} Kxf8 23. c3 Bc5 24. b4 Be7 25. Ne3 Rg3 (25... Rf2 $11) 26. Rh1 Bg5 ({Better is} 26... Rxf3 $14 27. Ke2 Rf4) 27. Ke2 $36 {[%mdl 2048] White has strong initiative.} Nf6 (27... Bh4 $16 {might work better.} 28. Rhg1 c5) 28. Rhg1 Bf4 (28... Nh5 $16) 29. Rxg3 $18 Bxg3 {[%mdl 4096] Endgame KRN-KBN} 30. d4 Nh5 31. a4 {[%cal Ba2a4,Ba4a5][%mdl 32]} Nf4+ 32. Kf1 h5 33. a5 ({Don't take} 33. dxe5 h4 $16) 33... b5 34. dxe5 h4 (34... Ng6 {is a better defense.} 35. Nc2 Nxe5) 35. c4 (35. Nc2 $1 $18 {is the precise move to win.}) 35... Ke7 36. cxb5 cxb5 37. Nc2 $1 Nxh3 {[#]} 38. Kg2 $2 (38. Nd4 $1 $16) 38... Nf4+ $11 39. Kh1 (39. Kg1 $11 {keeps the balance.}) 39... Nd3 $17 40. Rb3 Nc1 (40... Nxe5 $17 41. Kg2 g5) 41. Rc3 {Black must now prevent Nd4.} Bxe5 {[#]} (41... Kd7 $1 $11) 42. Rc6 ({White should play} 42. Nd4 $1 $16 {[%cal Rd4c6]} Kd7 43. Rxc1 Bxd4 44. Rd1) 42... Nd3 {And now ...h3 would win.} 43. Kg2 $1 {[%mdl 1024] White has compensation.} Nf4+ 44. Kh1 (44. Kg1 $14) 44... Nd3 $1 {Accuracy: White = 46%, Black = 36%.} 1/2-1/2

[Event "Torneo Interdepartamental 2019"]
[Site "Montevideo"]
[Date "2019.08.24"]
[Round "3.9"]
[White "Pelaez, Diego"]
[Black "Ibanez, Marcelo"]
[Result "0-1"]
[WhiteElo "1619"]
[BlackElo "2029"]
[Annotator "NA RC"]
[PlyCount "56"]
[EventDate "2019.08.23"]
[EventType "team-tourn"]
[EventCountry "URU"]
[SourceTitle "playchess.com"]
[Source "ChessBase"]
[SourceQuality "1"]
[TimeControl "5400+30"]

1. d4 {[%emt 0:00:00]} Nf6 {[%emt 0:04:11]} 2. c4 {[%emt 0:00:00]} e6 {[%emt 0:00:10]} 3. Nf3 {[%emt 0:00:13]} b6 {[%emt 0:00:06]} 4. g3 {[%emt 0:00:50]} Bb4+ {[%emt 0:00:35]} 5. Bd2 {[%emt 0:00:32]} Be7 {[%emt 0:00:05]} 6. Bg2 {[%emt 0:00:15]} O-O {[%emt 0:01:30]} 7. O-O {[%emt 0:01:10]} Ba6 {[%emt 0:01:43]} 8. Qc2 {[%emt 0:04:13]} d5 {[%emt 0:00:38]} 9. b3 {[%emt 0:03:00]} Nbd7 {[%emt 0:01:15]} 10. Bf4 {[%emt 0:08:33]} Rc8 {[%emt 0:01:44]} 11. Re1 {[%emt 0:05:41]} c5 {[%emt 0:00:23]} 12. Nbd2 {[%emt 0:03:45]} cxd4 {[%emt 0:02:51]} 13. Ne5 {[%emt 0:10:49]} Bb4 {[%emt 0:03:31]} 14. a3 {[%emt 0:09:59]} Bc3 {[%emt 0:06:34]} 15. Rac1 {[%emt 0:05:47]} Nxe5 {[%emt 0:03:09]} 16. Bxe5 {[%emt 0:00:18]} Ng4 {[%emt 0:00:23]} 17. Bf4 {[%emt 0:08:57]} g5 {[%emt 0:03:47]} 18. Bxg5 {[%emt 0:03:08]} Qxg5 {[%emt 0:00:08]} 19. Nf3 {[%emt 0:00:06]} Qh6 {[%emt 0:02:28]} 20. Red1 {[%emt 0:00:39]} dxc4 {[%emt 0:09:00]} 21. b4 {[%emt 0:02:35]} Nxf2 {[%emt 0:10:01]} 22. Kxf2 {[%emt 0:06:11]} Qe3+ {[%emt 0:00:03]} 23. Kf1 {[%emt 0:00:15]} d3 {[%emt 0:00:40]} 24. Qa2 {[%emt 0:05:12]} Bb2 {[%emt 0:02:26]} 25. Qxb2 {[%emt 0:10:54]} c3 {[%emt 0:02:26]} 26. Rxc3 {[%emt 0:01:28]} dxe2+ {[%emt 0:00:36]} 27. Ke1 {[%emt 0:00:12]} exd1=Q+ {[%emt 0:00:30]} 28. Kxd1 {[%emt 0:00:18]} Rxc3 {[%emt 0:00:15]} 0-1

[Event "Torneo Interdepartamental 2019"]
[Site "Montevideo"]
[Date "2019.08.24"]
[Round "3.10"]
[White "Braso, Jorge"]
[Black "Durante, Aurelio"]
[Result "1-0"]
[WhiteElo "2108"]
[BlackElo "1958"]
[Annotator "TA"]
[PlyCount "71"]
[EventDate "2019.08.23"]
[EventType "team-tourn"]
[EventCountry "URU"]
[SourceTitle "playchess.com"]
[Source "ChessBase"]
[SourceQuality "1"]

{[%evp 12,87,7,-31,-12,-11,0,-22,-6,-12,-10,-1,10,-41,-1,-105,-63,-97,-70,-73,-47,-66,0,0,20,33,14,11,48,42,58,60,64,60,50,49,67,65,82,83,114,116,229,226,438,434,405,228,325,325,454,447,459,453,452,425,515,487,769,1035,911,758,758,757,741,727,853,850,880,820,878,861,1451,1413,1554,1554,2483,2274]} 1. e4 g6 2. d4 Bg7 3. Nc3 c5 4. Nf3 cxd4 5. Nxd4 Nc6 6. Nxc6 bxc6 7. Bd2 Qc7 {B34: Sicilian: Accelerated Dragon with 5 Nc3: sidelines} 8. Bc4 Nf6 9. Qe2 d6 {The position is equal.} 10. O-O O-O 11. Rad1 a5 $146 {[%cal Ba7a5,Ba5a4,Ba4a3][%mdl 32]} ({Predecessor:} 11... Ng4 12. Bd3 d5 13. g3 Qe5 14. exd5 cxd5 15. Qxe5 Nxe5 16. Nxd5 Nxd3 17. cxd3 {½-½ (42) Polackova,E (1000)-Magdova,L (1000) Liptovsky Mikulas 2019}) 12. Bg5 (12. b3 $11) 12... a4 13. Kh1 (13. h3 $11) 13... a3 14. b3 Ng4 15. h3 Ne5 {White must now prevent ...Qa5.} (15... d5 {looks sharper.} 16. hxg4 dxc4 17. Qe3 Bxg4 18. f3 Bc8) 16. Rfe1 Nxc4 (16... Qa5 $15 17. Bd2 Nxc4 18. Qxc4 Qh5) 17. Qxc4 $11 {Nd5! is the strong threat.} Qb7 (17... Qa5 {is more complex.} 18. Bd2 Qb6 19. Be3 Qa5 20. Bd2) 18. Qd3 Re8 19. Ne2 h6 20. Be3 Qc7 21. c4 Rd8 22. Nc3 Qa5 23. Na4 {aiming for Bb6.} Qh5 24. Kg1 Ba6 25. Bb6 Rf8 {[#]} 26. Bd4 $1 e5 (26... Qa5 $16) 27. Bb6 $18 Rfd8 $2 (27... Rfc8 28. Qxd6 Bxc4 29. bxc4 (29. Qxa3 Bb5 $16) 29... Rxa4) 28. Bxd8 Rxd8 29. Qf3 (29. Qe3 $142 {Strongly threatening Qb6.} Qg5 30. Qb6) 29... Qg5 (29... Qxf3 {was necessary.} 30. gxf3 Kf8) 30. c5 dxc5 31. Rxd8+ {White is clearly winning.} Qxd8 32. Nxc5 Bb5 33. Rd1 Qe7 34. Rd7 Qf8 (34... Qf6 $142 35. Qxf6 Bxf6) 35. Nb7 Ba6 36. Nd6 {Played: Rd7-d8} 1-0

[Event "Torneo Interdepartamental 2019"]
[Site "Montevideo"]
[Date "2019.08.24"]
[Round "3.11"]
[White "Arias Bouzada, Jorge"]
[Black "Castro, Cesar"]
[Result "1/2-1/2"]
[WhiteElo "2088"]
[BlackElo "2082"]
[Annotator "NA RC"]
[PlyCount "50"]
[EventDate "2019.08.23"]
[EventType "team-tourn"]
[EventCountry "URU"]
[SourceTitle "playchess.com"]
[Source "ChessBase"]
[SourceQuality "1"]
[TimeControl "5400+30"]

1. c4 {[%emt 0:00:03]} Nf6 {[%emt 0:00:00]} 2. Nc3 {[%emt 0:00:06]} e6 {[%emt 0:00:00]} 3. d4 {[%emt 0:00:07]} d5 {[%emt 0:00:00]} 4. Bg5 {[%emt 0:00:19]} Nbd7 {[%emt 0:00:07]} 5. Nf3 {[%emt 0:00:17]} c6 {[%emt 0:00:09]} 6. cxd5 {[%emt 0:00:05]} exd5 {[%emt 0:00:07]} 7. e3 {[%emt 0:00:02]} Be7 {[%emt 0:00:11]} 8. Bd3 {[%emt 0:00:17]} O-O {[%emt 0:00:12]} 9. O-O {[%emt 0:00:03]} Re8 {[%emt 0:00:07]} 10. a3 {[%emt 0:02:19]} a5 {[%emt 0:00:11]} 11. Qc2 {[%emt 0:00:51]} g6 {[%emt 0:00:10]} 12. Rab1 {[%emt 0:01:15]} Nh5 {[%emt 0:00:47]} 13. Bxe7 {[%emt 0:00:18]} Qxe7 {[%emt 0:00:08]} 14. b4 {[%emt 0:01:02]} axb4 {[%emt 0:00:07]} 15. axb4 {[%emt 0:00:04]} Nb6 {[%emt 0:00:09]} 16. Qb3 {[%emt 0:03:23]} Be6 {[%emt 0:02:01]} 17. Nd2 {[%emt 0:21:13]} Nf6 {[%emt 0:01:48]} 18. Qb2 {[%emt 0:05:11]} Nc4 {[%emt 0:04:58]} 19. Nxc4 {[%emt 0:01:16]} dxc4 {[%emt 0:00:11]} 20. Be2 {[%emt 0:00:03]} Bf5 {[%emt 0:02:36]} 21. Ra1 {[%emt 0:00:23]} b5 {[%emt 0:00:23]} 22. Ra3 {[%emt 0:10:00]} Rxa3 {[%emt 0:14:55]} 23. Qxa3 {[%emt 0:02:58]} Ne4 24. Nxe4 Bxe4 25. f3 Bd3 1/2-1/2

[Event "Torneo Interdepartamental 2019"]
[Site "Montevideo"]
[Date "2019.08.25"]
[Round "4.1"]
[White "Moreira, Marcelo"]
[Black "Curi, Gabriel"]
[Result "0-1"]
[WhiteElo "2061"]
[BlackElo "2195"]
[Annotator "NA"]
[PlyCount "50"]
[EventDate "2019.08.23"]
[EventType "team-tourn"]
[EventCountry "URU"]
[SourceTitle "playchess.com"]
[Source "ChessBase"]
[SourceQuality "1"]
[TimeControl "5400+30"]

1. d4 {[%emt 0:01:13]} e6 {[%emt 0:00:06]} 2. Nf3 {[%emt 0:00:11]} d5 {[%emt 0:00:16]} 3. c4 {[%emt 0:00:49]} c6 {[%emt 0:00:23]} 4. Nc3 {[%emt 0:00:44]} dxc4 {[%emt 0:00:16]} 5. g3 {[%emt 0:08:41]} b5 {[%emt 0:01:44]} 6. Bg2 {[%emt 0:00:09]} Bb7 {[%emt 0:00:20]} 7. O-O {[%emt 0:00:28]} Nd7 {[%emt 0:01:52]} 8. e4 {[%emt 0:02:18]} Ngf6 {[%emt 0:06:31]} 9. Qe2 {[%emt 0:01:42]} Be7 {[%emt 0:03:52]} 10. Rd1 {[%emt 0:00:36]} O-O {[%emt 0:00:44]} 11. Ne5 {[%emt 0:11:57]} Nxe5 {[%emt 0:06:00]} 12. dxe5 {[%emt 0:00:07]} Nd7 {[%emt 0:00:10]} 13. Bf4 {[%emt 0:01:23]} Qc7 {[%emt 0:01:43]} 14. Rxd7 {[%emt 0:06:20]} Qxd7 {[%emt 0:00:41]} 15. Qg4 {[%emt 0:00:10]} Rfd8 {[%emt 0:03:12]} 16. Bh6 {[%emt 0:00:36]} Bf8 {[%emt 0:00:33]} 17. Ne2 {[%emt 0:00:20]} Qc7 {[%emt 0:07:41]} 18. f4 {[%emt 0:01:19]} Kh8 {[%emt 0:01:21]} 19. Bg5 {[%emt 0:00:48]} Be7 {[%emt 0:00:57]} 20. Bf6 {[%emt 0:03:07]} gxf6 {[%emt 0:02:58]} 21. exf6 {[%emt 0:00:08]} Bxf6 {[%emt 0:00:37]} 22. e5 {[%emt 0:00:06]} Bxe5 {[%emt 0:10:09]} 23. fxe5 {[%emt 0:01:34]} Qxe5 {[%emt 0:00:29]} 24. Rf1 {[%emt 0:00:17]} Rd2 {[%emt 0:08:53]} 25. Rxf7 {[%emt 0:06:14]} Qe3+ {[%emt 0:06:10]} 0-1

[Event "Torneo Interdepartamental 2019"]
[Site "Montevideo"]
[Date "2019.08.25"]
[Round "4.2"]
[White "Coppola, Claudio"]
[Black "Ibanez, Juan Rodrigo"]
[Result "1-0"]
[WhiteElo "2252"]
[BlackElo "2124"]
[Annotator "NA"]
[PlyCount "107"]
[EventDate "2019.08.23"]
[EventType "team-tourn"]
[EventCountry "URU"]
[SourceTitle "playchess.com"]
[Source "ChessBase"]
[SourceQuality "1"]
[TimeControl "5400+30"]

1. d4 {[%emt 0:04:24]} Nf6 {[%emt 0:13:17]} 2. c4 {[%emt 0:00:06]} g6 {[%emt 0:00:05]} 3. g3 {[%emt 0:00:26]} Bg7 {[%emt 0:00:05]} 4. Bg2 {[%emt 0:00:03]} O-O {[%emt 0:00:05]} 5. Nf3 {[%emt 0:00:05]} c6 {[%emt 0:00:02]} 6. O-O {[%emt 0:00:12]} d5 {[%emt 0:00:03]} 7. cxd5 {[%emt 0:00:23]} cxd5 {[%emt 0:01:09]} 8. Ne5 {[%emt 0:01:42]} Be6 {[%emt 0:04:31]} 9. Nc3 {[%emt 0:01:04]} Nbd7 {[%emt 0:00:14]} 10. Bf4 {[%emt 0:18:49]} Qa5 {[%emt 0:17:03]} 11. Qb3 {[%emt 0:06:54]} Nb6 {[%emt 0:06:40]} 12. Nd3 {[%emt 0:28:56]} Ne4 {[%emt 0:05:14]} 13. Qb5 {[%emt 0:06:33]} Nc4 {[%emt 0:07:31]} 14. Qxa5 {[%emt 0:02:26]} Nxa5 {[%emt 0:00:02]} 15. Nb5 {[%emt 0:07:35]} Nc6 {[%emt 0:00:02]} 16. Be3 {[%emt 0:11:14]} Rac8 {[%emt 0:00:54]} 17. Nf4 {[%emt 0:00:42]} a6 {[%emt 0:00:49]} 18. Nc3 {[%emt 0:00:22]} Nxc3 {[%emt 0:05:02]} 19. bxc3 {[%emt 0:00:02]} Rfd8 {[%emt 0:00:06]} 20. Rab1 {[%emt 0:04:03]} Na5 {[%emt 0:00:09]} 21. Rb6 {[%emt 0:01:17]} Nc4 {[%emt 0:05:46]} 22. Nxe6 {[%emt 0:01:22]} Nxb6 {[%emt 0:00:25]} 23. Nxd8 {[%emt 0:00:07]} Rxd8 {[%emt 0:00:07]} 24. Rb1 {[%emt 0:00:08]} Rd6 {[%emt 0:00:29]} 25. a4 {[%emt 0:00:23]} a5 {[%emt 0:03:57]} 26. Rb5 {[%emt 0:00:08]} e6 {[%emt 0:03:12]} 27. Rxa5 {[%emt 0:00:47]} Bf8 {[%emt 0:03:03]} 28. Ra7 {[%emt 0:00:57]} Rc6 {[%emt 0:00:06]} 29. a5 {[%emt 0:00:53]} Nc4 {[%emt 0:00:02]} 30. Bf4 {[%emt 0:00:43]} f6 {[%emt 0:00:16]} 31. e4 {[%emt 0:01:00]} dxe4 {[%emt 0:01:59]} 32. Bxe4 {[%emt 0:00:01]} Ra6 {[%emt 0:00:11]} 33. Rxa6 {[%emt 0:00:04]} bxa6 {[%emt 0:00:03]} 34. Bc7 {[%emt 0:00:08]} Bd6 {[%emt 0:00:17]} 35. Bd8 {[%emt 0:00:13]} Kf7 {[%emt 0:01:45]} 36. Bd3 {[%emt 0:00:05]} Ke8 {[%emt 0:00:09]} 37. Bxf6 {[%emt 0:00:23]} Nxa5 {[%emt 0:00:05]} 38. Bxa6 {[%emt 0:00:09]} Ba3 {[%emt 0:00:38]} 39. Bg5 {[%emt 0:02:00]} Kd7 {[%emt 0:01:39]} 40. Kf1 {[%emt 0:00:20]} Kd6 {[%emt 0:00:18]} 41. Ke2 {[%emt 0:00:15]} e5 {[%emt 0:00:51]} 42. dxe5+ {[%emt 0:02:43]} Kxe5 {[%emt 0:00:08]} 43. Kd3 {[%emt 0:00:35]} Kd5 {[%emt 0:00:31]} 44. c4+ {[%emt 0:00:36]} Kd6 {[%emt 0:00:10]} 45. Bf4+ {[%emt 0:00:31]} Ke6 {[%emt 0:00:14]} 46. Bc8+ {[%emt 0:00:21]} Ke7 {[%emt 0:00:07]} 47. Kd4 {[%emt 0:00:32]} Nc6+ {[%emt 0:00:08]} 48. Kd5 {[%emt 0:00:36]} Nb4+ {[%emt 0:00:06]} 49. Ke4 {[%emt 0:00:12]} Nc6 {[%emt 0:00:37]} 50. Bb7 {[%emt 0:00:23]} Na5 {[%emt 0:00:04]} 51. Bd5 {[%emt 0:00:08]} Nb3 {[%emt 0:00:03]} 52. Bg8 {[%emt 0:01:18]} h5 {[%emt 0:00:07]} 53. Kd5 {[%emt 0:00:25]} Bc5 {[%emt 0:01:22]} 54. Be3 {[%emt 0:00:31]} 1-0